000 00749nam a22001697a 4500
005 20120206165619.0
020 _a8173150672
_c500.00
100 _aतिवारी, भोलानाथ
_940992
245 _aहिन्दी पर्यायवाची कोश /
_cभोलानाथ तिवारी
260 _aनई दिल्ली
_bप्रभात प्रकाशन
_c2011
270 _a4/19, आसफ अली रोड
_bनई दिल्ली
_e110002
300 _a710पृ.
_c22सेमी (सजिल्द)
700 _940847
700 _940848
942 _2ddc
_cHN
_mतिवारी
999 _c62083
_d62083